00295nam a22001217a 4500020001500000040000900015082002100024100001700045245002700062250001900089260003800108650002700146 a8178085658 cNUST a621.3815324bHAY aSimon Haykin aAdaptive Filter Theory aFourth Edition aIndia:bPearson Education,c2002. 2Adaptive Filter Theory